Fictional Names In Other Words Quiz Stats

Quiz Updated Mar 8, 2012

Also try: Hidden Names
Challenge
Share
Tweet
Embed
Score 0/28 Timer 07:00
1 Play Today
Clue Answer % Correct
Word after Sloppy or G.I.Joe Friday
97%
NCAA Tournament monthMarch Hare
70.4%
Capital of TexasAustin Powers
64.3%
Broadway awardTony Soprano
64.1%
Like Clifford the Red DogBig Brother
53.6%
Largest city in AustraliaSydney Carton
53.4%
Home to the HoosiersIndiana Jones
52.2%
Fail to hitMiss Piggy
49.3%
Bullwinkle's partnerRocky Balboa
47.7%
Uncle who personifies the United StatesSam Spade
44.7%
Rank below GeneralColonel Mustard
44.2%
Satellite radio companySirius Black
43.9%
The 'J' of KJV
(Bible translation)
James Bond
41%
Half of the Dynamic DuoRobin Hood
39.9%
Clue Answer % Correct
Kind of goat or clubBilly Pilgrim
38%
Youngest of Jacob's 12 sonsBenjamin Button
37.6%
He sold the Louisiana Territory to JeffersonNapoleon Dynamite
34.9%
'90s sitcom in which the main character came outEllen Ripley
34.8%
Male catTom Sawyer
32.9%
Singer of 'Tomorrow'Annie Hall
32%
Stephen King's first published novelCarrie Bradshaw
31.9%
Diminish to nothingPeter Pan
31.5%
One who observes and evaluates athletic talentScout Finch
29%
Tire-changing needJack Sparrow
28%
'A boy's best friend is his ____'Mother Goose
27.7%
Herr or signore (abbr.)Mr. Hyde
26.2%
Most common Irish surnameMurphy Brown
19.4%
Iowa's nicknameHawkeye Pierce
15.3%

You're not logged in!

Compare scores with friends on all Sporcle quizzes.
Sign Up with Email
OR
Log In

You Might Also Like...

Show Comments

Extras

Top Quizzes Today


Score Distribution

Your Account Isn't Verified!

In order to create a playlist on Sporcle, you need to verify the email address you used during registration. Go to your Sporcle Settings to finish the process.